• 首页
  • 本馆介绍
  • 公告通知
  • 最新文献
  • 馆藏检索
  • 电子资源
  • 读者导购
  • 参考咨询
  • 我的图书馆
  • 登录
  • 详细信息显示
  • 放入我的书架
  • 预约/预借图书
  • 作者相关作品
  • 分类相关作品
  • 丛书相关作品
  • 出版社相关作品

书目信息

  • 表格格式
  • 工作单格式
  • 卡片格式
题名:
四季韩式裱花蛋糕
    
 
作者: 王森 主编
分册:  
出版信息: 北京   中国轻工业出版社  2016.06
页数: 123页
开本: 26cm
丛书名:
单 册:
中图分类: TS213.2
科图分类:
主题词: 粮食加工--食品工业 , 粮食加工
电子资源:
ISBN: 978-7-5184-0791-0
000 00594nam0 2200205 450
001 520
005 20160906082836.26
010    @a978-7-5184-0791-0@dCNY38.00
100    @a20160722d2016 km y0chiy0120 ea
101 0  @achi
102    @aCN@b110000
200 1  @a四季韩式裱花蛋糕@Asi ji han shi biao hua dan gao@f王森主编@Fwang sen zhu bian
210    @a北京@c中国轻工业出版社@d2016.06
215    @a123页@d26cm
606 0  @a粮食加工@x食品工业
606 0  @a粮食加工
690    @aTS213.2@v4
701  0 @a王森@Awang sen@4主编
801  0 @aCN@b唐山师范学院图书馆@c20160722
905    @aZUCC@dTS213.2@e202
    
    四季韩式裱花蛋糕/王森主编.-北京:中国轻工业出版社,2016.06
    123页;26cm
    
    
    ISBN 978-7-5184-0791-0:CNY38.00
    
●
相关链接 在E读中查询图书 在五车中查询图书 在当当中查询图书 在豆瓣中查询图书


正题名:四季韩式裱花蛋糕     索取号:TS213.2/202         预约/预借

序号 登录号 条形码 馆藏地/架位号 状态 备注
1 902214   209022145   第二样本阅览室/ [索取号:TS213.2/202] 在馆    
2 902215   209022154   第三借阅区/ [索取号:TS213.2/202] 在馆    
3 902216   209022163   第三借阅区/ [索取号:TS213.2/202] 在馆    
4 902217   209022172   第三借阅区/ [索取号:TS213.2/202] 在馆    
5 902218   209022181   第三借阅区/ [索取号:TS213.2/202] 在馆    
唐山师范学院图书馆 欢迎您!
大连网信软件有限公司© 版权所有